书目信息 |
| 题名: |
施工监理基础
|
|
| 作者: | 周瑜 主编 | |
| 分册: | ||
| 出版信息: | 北京 人民交通出版社 2005.08 |
|
| 页数: | 237页 | |
| 开本: | 26cm | |
| 丛书名: | ||
| 单 册: | ||
| 中图分类: | U415.1 | |
| 科图分类: | ||
| 主题词: | 道路工程--工程施工--监督管理--高等教育--教材 | |
| 电子资源: | ||
| ISBN: | 7-114-05635-4 | |
| 000 | 00923nam0 2200241 450 | |
| 001 | 010557326986 | |
| 005 | 20051125155555.54 | |
| 010 | @a7-114-05635-4@dCNY28.00 | |
| 100 | @a20051125d2005 km y0chiy0120 ea | |
| 101 | 0 | @achi |
| 102 | @aCN@b110000 | |
| 105 | @aa a 000yy | |
| 200 | 1 | @a施工监理基础@Ashi gong jian li ji chu@f周瑜主编@Fzhou yu zhu bian |
| 210 | @a北京@c人民交通出版社@d2005.08 | |
| 215 | @a237页@c图@d26cm | |
| 300 | @a交通职业教育教学指导委员会推荐教材 高职高专院校道路桥梁工程技术专业教学用书 高等职业教育规划教材 | |
| 320 | @a有书目。 | |
| 330 | @a本书阐述了工程监理的基本概念,简要介绍了我国公路工程施工监理的发展情况,重点介绍了公路工程施工过程中的质量监理、进度监理、费用监理、合同管理和信息管理。全书共7章。 | |
| 606 | 0 | @a道路工程@x工程施工@x监督管理@x高等教育@j教材 |
| 690 | @aU415.1@v4 | |
| 701 | 0 | @a周瑜@Azhou yu@4主编 |
| 801 | 0 | @aCN@bQSSK@c20051125 |
| 905 | @a10447@dU415.1@eZ818 | |
| 施工监理基础/周瑜主编.-北京:人民交通出版社,2005.08 |
| 237页:图;26cm |
| 交通职业教育教学指导委员会推荐教材 高职高专院校道路桥梁工程技术专业教学用书 高等职业教育规划教材 |
| ISBN 7-114-05635-4:CNY28.00 |
| 本书阐述了工程监理的基本概念,简要介绍了我国公路工程施工监理的发展情况,重点介绍了公路工程施工过程中的质量监理、进度监理、费用监理、合同管理和信息管理。全书共7章。 |
| ● |
| 相关链接 |
|
|
|
正题名:施工监理基础
索取号:U415.1/Z818
 
预约/预借
| 序号 | 登录号 | 条形码 | 馆藏地/架位号 | 状态 | 备注 |
| 1 | 578701 | 205787013 | 土木与交通工程学院资料室/土木与交通学院资料室 1排1列1层/ [索取号:U415.1/Z818] | 在馆 | |
| 2 | 578702 | 205787022 | 自科库501/501自科库 82排1列5层/ [索取号:U415.1/Z818] | 在馆 | |
| 3 | 578703 | 205787031 | 土木与交通工程学院资料室/土木与交通学院资料室 1排1列1层/ [索取号:U415.1/Z818] | 在馆 |